[Event "CAN-op (Pinnacle 48th CAN Op Ch)"]
[Site "Toronto CAN"]
[Date "2011.07.10"]
[Round "2"]
[White "Olden-Cooligan, Ben"]
[Black "Longo, Tyler"]
[Result "0-1"]
[WhiteElo "1893"]
[BlackElo "2087"]
[PlyCount "98"]
[GameId "2160767909707043"]
[EventDate "2011.07.09"]
[EventType "swiss"]
[EventRounds "9"]
[EventCountry "CAN"]

1. d4 d5 2. c4 dxc4 3. Nf3 Nf6 4. e3 e6 5. Bxc4 a6 6. O-O c5 7. Nc3 b5 8. Bd3 cxd4 9. exd4 Bb7 10. Qe2 Be7 11. Bg5 O-O 12. Rac1 Nbd7 13. Rfd1 Nb6 14. Ne5 Nbd5 15. Bb1 h6 16. Bd2 Qb6 17. Be3 Rfd8 18. Qd2 Nxe3 19. fxe3 Bd6 20. Nf3 e5 21. Kh1 exd4 22. exd4 Rac8 23. a3 Bb8 24. Ba2 Bxf3 25. gxf3 Be5 26. d5 Bxc3 27. Rxc3 Rxc3 28. bxc3 Qa5 29. Qb2 Qa4 30. Rd4 Qa5 31. Qb4 Qxb4 32. cxb4 Rc8 33. Rd2 Ne8 34. Kg2 Nd6 35. Kf2 Rc3 36. a4 Kf8 37. Ke2 Nc4 38. Bxc4 Rxc4 39. axb5 axb5 40. Rb2 Ke7 41. Ke3 Kd6 42. f4 Kxd5 43. Rd2+ Ke6 44. Rd4 Rxd4 45. Kxd4 Kd6 46. h4 g6 47. Ke4 f6 48. Kd4 g5 49. fxg5 fxg5 0-1

[Event "CAN-op (Pinnacle 48th CAN Op Ch)"]
[Site "Toronto CAN"]
[Date "2011.07.10"]
[Round "2"]
[White "Pechenkin, Vladimir"]
[Black "Opaska, Michael"]
[Result "1-0"]
[WhiteElo "2408"]
[BlackElo "2001"]
[PlyCount "111"]
[GameId "2160767909707044"]
[EventDate "2011.07.09"]
[EventType "swiss"]
[EventRounds "9"]
[EventCountry "CAN"]
[SourceTitle "EXT 2022"]
[Source "ChessBase"]
[SourceDate "2021.10.06"]
[SourceVersion "1"]
[SourceVersionDate "2021.10.06"]
[SourceQuality "1"]

1. c4 Nf6 2. g3 g6 3. Bg2 d5 4. cxd5 Nxd5 5. Nc3 Nb6 6. d3 Bg7 7. Be3 Nc6 8. Qd2 Nd4 9. Nf3 O-O 10. Nxd4 Bxd4 11. Bh6 Re8 12. h4 c6 13. h5 Bf5 14. e3 Bf6 15. Ne4 e5 16. Nxf6+ Qxf6 17. e4 Be6 18. Bg5 Qg7 19. hxg6 fxg6 20. a4 c5 21. a5 Nd7 22. O-O Rac8 23. Rfc1 Qf8 24. Be3 Qd6 25. Qc3 b5 26. axb6 axb6 27. f4 Bf7 28. Ra7 Nf8 29. fxe5 Qxe5 30. Qxe5 Rxe5 31. d4 Ree8 32. dxc5 bxc5 33. Rxc5 Ne6 34. Rxc8 Rxc8 35. e5 g5 36. Ra8 Rxa8 37. Bxa8 h6 38. b4 Be8 39. Bd5 Kf7 40. Bc5 Bd7 41. Bd6 h5 42. Kg2 Ke8 43. b5 Nd8 44. b6 Bc8 45. e6 Nxe6 46. b7 Bxb7 47. Bxb7 Kd7 48. Be5 Nc5 49. Bf3 g4 50. Bd5 Ke7 51. Bd4 Nd3 52. Be4 Nc1 53. Bb2 Nb3 54. Bg6 h4 55. gxh4 Nd2 56. h5 1-0

[Event "CAN-op (Pinnacle 48th CAN Op Ch)"]
[Site "Toronto CAN"]
[Date "2011.07.10"]
[Round "2"]
[White "Peev, Pavel"]
[Black "Deline, Ralph"]
[Result "0-1"]
[WhiteElo "2083"]
[BlackElo "1828"]
[PlyCount "52"]
[GameId "2160767909707045"]
[EventDate "2011.07.09"]
[EventType "swiss"]
[EventRounds "9"]
[EventCountry "CAN"]
[SourceTitle "hb 2011"]

1. e4 c5 2. Nf3 d6 3. d4 cxd4 4. Nxd4 Nf6 5. Nc3 g6 6. Be2 a6 7. O-O Bg7 8. Be3 Nc6 9. Nxc6 bxc6 10. f4 O-O 11. Kh1 Rb8 12. Rb1 Qa5 13. Bf3 Rd8 14. Qe1 Rb7 15. Qg3 Be6 16. Rfd1 Rdb8 17. e5 Nd5 18. Bd2 Qc5 19. Qe1 Nb4 20. exd6 exd6 21. Ne4 Qxc2 22. Nxd6 Nd3 23. Qf1 Rxb2 24. Rxb2 Nxb2 25. f5 gxf5 26. Rc1 Qxd2 0-1

[Event "CAN-op (Pinnacle 48th CAN Op Ch)"]
[Site "Toronto CAN"]
[Date "2011.07.10"]
[Round "2"]
[White "Peng, Jackie"]
[Black "Castaneda, Nelson"]
[Result "0-1"]
[WhiteElo "1853"]
[BlackElo "2229"]
[PlyCount "68"]
[GameId "2160767909707046"]
[EventDate "2011.07.09"]
[EventType "swiss"]
[EventRounds "9"]
[EventCountry "CAN"]
[SourceTitle "CBM 143 Extra"]
[Source "ChessBase"]
[SourceDate "2011.08.29"]
[SourceVersion "1"]
[SourceVersionDate "2011.08.29"]
[SourceQuality "1"]

1. e4 c5 2. Nf3 d6 3. d4 cxd4 4. Nxd4 Nf6 5. Nc3 a6 6. Bg5 e6 7. Qd2 Be7 8. O-O-O O-O 9. f4 Qc7 10. h4 b5 11. Bxf6 Bxf6 12. g4 b4 13. Nce2 Bb7 14. Bg2 Rc8 15. g5 Bxd4 16. Nxd4 Nd7 17. g6 hxg6 18. h5 e5 19. fxe5 dxe5 20. h6 exd4 21. hxg7 Qe5 22. Rh8+ Kxg7 23. Qh6+ Kf6 24. Rf1+ Ke6 25. Bh3+ Kd6 26. Rxc8 Bxc8 27. Bxd7 Bxd7 28. Rxf7 Qxe4 29. Qh2+ Kc6 30. b3 Re8 31. Kb2 d3 32. Rf6+ Re6 33. Rxe6+ Bxe6 34. cxd3 Qd4+ 0-1

[Event "CAN-op (Pinnacle 48th CAN Op Ch)"]
[Site "Toronto CAN"]
[Date "2011.07.10"]
[Round "2"]
[White "Perelshteyn, Eugene"]
[Black "McTavish, Dale"]
[Result "1-0"]
[WhiteElo "2532"]
[BlackElo "2205"]
[PlyCount "73"]
[GameId "2160767909707047"]
[EventDate "2011.07.09"]
[EventType "swiss"]
[EventRounds "9"]
[EventCountry "CAN"]

1. d4 c5 2. d5 b5 3. e4 a6 4. a4 b4 5. a5 d6 6. Nd2 g6 7. Bd3 Bg7 8. Ne2 Nf6 9. O-O O-O 10. Nc4 Nbd7 11. Ng3 Bb7 12. Bf4 Qc7 13. c3 bxc3 14. bxc3 Ne5 15. Nb6 Rab8 16. Bxe5 dxe5 17. Qe2 h5 18. Rfe1 h4 19. Nf1 Nh5 20. g3 Bf6 21. Bxa6 Bxa6 22. Qxa6 Kg7 23. Qb5 Rh8 24. Qc6 Qd8 25. Qxc5 Qg8 26. a6 Qh7 27. a7 hxg3 28. fxg3 Ra8 29. Nxa8 Nxg3 30. hxg3 g5 31. Kf2 Qh1 32. Qe3 g4 33. Nc7 Rh2+ 34. Nxh2 Qxh2+ 35. Kf1 Qh1+ 36. Ke2 Qg2+ 37. Kd3 1-0

[Event "CAN-op (Pinnacle 48th CAN Op Ch)"]
[Site "Toronto CAN"]
[Date "2011.07.10"]
[Round "2"]
[White "Plotkin, Victor"]
[Black "Picana, Andrew"]
[Result "1-0"]
[WhiteElo "2411"]
[BlackElo "2140"]
[PlyCount "107"]
[GameId "2160767909707049"]
[EventDate "2011.07.09"]
[EventType "swiss"]
[EventRounds "9"]
[EventCountry "CAN"]
[SourceTitle "hb 2011"]

1. e4 e6 2. d4 d5 3. exd5 exd5 4. Nf3 Bd6 5. c4 Nf6 6. Nc3 c6 7. Bg5 Be6 8. cxd5 cxd5 9. Qb3 Qb6 10. Bb5+ Nc6 11. O-O Rd8 12. Bxf6 gxf6 13. Ba4 Qxb3 14. Bxb3 Bb8 15. Rfd1 O-O 16. g3 Kh8 17. Nh4 Rg8 18. f3 Ne7 19. Kf2 a6 20. Rac1 b5 21. Ne2 Rc8 22. Rxc8 Rxc8 23. Ke3 a5 24. Rc1 a4 25. Rxc8+ Nxc8 26. Bc2 Nb6 27. b3 axb3 28. axb3 Bd6 29. Bd3 b4 30. Ng2 Na8 31. Bb5 Nc7 32. Bc6 Kg7 33. Ngf4 Kf8 34. Nc1 Ke7 35. Na2 Bf5 36. Nxd5+ Nxd5+ 37. Bxd5 Bb1 38. Nc1 f5 39. Bc4 f4+ 40. gxf4 Bf5 41. Bd3 Kf6 42. Ne2 h5 43. Bxf5 Kxf5 44. Ng3+ Kg6 45. Ke4 Bc7 46. Nf5 Kf6 47. d5 Bb6 48. h3 Bc5 49. Ng3 h4 50. Nf5 Bf2 51. Nd4 Be1 52. d6 Bd2 53. f5 Bh6 54. Nc6 1-0

[Event "CAN-op (Pinnacle 48th CAN Op Ch)"]
[Site "Toronto CAN"]
[Date "2011.07.10"]
[Round "2"]
[White "Razzaq, Ali"]
[Black "Hayder, Ali"]
[Result "0-1"]
[WhiteElo "1920"]
[BlackElo "2005"]
[PlyCount "78"]
[GameId "2160767909707053"]
[EventDate "2011.07.09"]
[EventType "swiss"]
[EventRounds "9"]
[EventCountry "CAN"]
[SourceTitle "CBM 143 Extra"]
[Source "ChessBase"]
[SourceDate "2011.08.29"]
[SourceVersion "1"]
[SourceVersionDate "2011.08.29"]
[SourceQuality "1"]

1. d4 d5 2. Nf3 Nf6 3. e3 g6 4. c4 c6 5. cxd5 cxd5 6. Nc3 Bg7 7. Qb3 O-O 8. Ne5 Nc6 9. Nxc6 bxc6 10. Be2 Nd7 11. O-O e5 12. Rd1 Qh4 13. a4 Rb8 14. Qa3 Re8 15. a5 exd4 16. g3 Qe7 17. exd4 Qxa3 18. Rxa3 Rb4 19. Be3 Rxb2 20. Bd3 Nf6 21. Na4 Rb4 22. Rc1 Ng4 23. Rxc6 Nxe3 24. fxe3 Bd7 25. Rc7 Bxa4 26. Rxa7 Rxe3 27. Ra8+ Be8 28. a6 Bxd4 29. Kg2 Kg7 30. Rd8 Ba7 31. Kh3 Re7 32. Rxd5 Bd7+ 33. g4 Bxg4+ 34. Kg2 Rb2+ 35. Kg3 h5 36. Bf1 Bb8+ 37. Kh4 Rxh2+ 38. Bh3 Bxh3 39. Rxh3 Re4+ 0-1

[Event "CAN-op (Pinnacle 48th CAN Op Ch)"]
[Site "Toronto CAN"]
[Date "2011.07.10"]
[Round "2"]
[White "Sakka, Louay"]
[Black "Acosta, Mariano"]
[Result "0-1"]
[WhiteElo "1643"]
[BlackElo "2118"]
[PlyCount "74"]
[GameId "2160767909707055"]
[EventDate "2011.07.09"]
[EventType "swiss"]
[EventRounds "9"]
[EventCountry "CAN"]
[SourceTitle "hb 2011"]

1. e4 d6 2. f4 g6 3. Nf3 Bg7 4. Nc3 c5 5. Bc4 Nc6 6. d3 e6 7. Be3 Nd4 8. Qd2 Ne7 9. O-O-O a6 10. a3 b5 11. Ba2 Rb8 12. Bxd4 cxd4 13. Ne2 Qb6 14. Ng3 b4 15. a4 Bd7 16. b3 e5 17. f5 d5 18. fxg6 hxg6 19. Rdf1 Bh6 20. Ng5 f6 21. Qf2 Bxg5+ 22. Kb1 Rf8 23. exd5 Nxd5 24. Ne4 Nc3+ 25. Nxc3 bxc3 26. h4 Qd6 27. Ka1 Be3 28. Qg3 f5 29. h5 gxh5 30. Rxh5 Bf4 31. Qg7 Qf6 32. Qxf6 Rxf6 33. Rh7 Rh6 34. Rg7 Be6 35. b4 Rxb4 36. g3 Rxa4 37. gxf4 Bxa2 0-1

[Event "CAN-op (Pinnacle 48th CAN Op Ch)"]
[Site "Toronto CAN"]
[Date "2011.07.10"]
[Round "2"]
[White "Southam, David"]
[Black "Meszaros, Michal"]
[Result "0-1"]
[WhiteElo "2124"]
[BlackElo "2409"]
[PlyCount "184"]
[GameId "2160767909707058"]
[EventDate "2011.07.09"]
[EventType "swiss"]
[EventRounds "9"]
[EventCountry "CAN"]
[SourceTitle "hb 2011"]

1. d4 g6 2. c4 Bg7 3. e4 d6 4. Nc3 Nf6 5. Nf3 O-O 6. Be2 e5 7. O-O Na6 8. Be3 Ng4 9. Bg5 Qe8 10. dxe5 dxe5 11. h3 h6 12. Bc1 Nf6 13. Be3 b6 14. a3 Bb7 15. Qc2 Nh5 16. Rfe1 Nf4 17. Bf1 Ne6 18. Rad1 f5 19. Nd5 f4 20. Bc1 c6 21. Nb4 Nac5 22. Nd3 Nd7 23. b4 c5 24. Bb2 Nd4 25. Nxd4 exd4 26. f3 g5 27. a4 Rc8 28. Qb3 Bc6 29. a5 Ne5 30. Ra1 Rf7 31. axb6 axb6 32. Ra6 Rb7 33. Rea1 h5 34. Nxe5 Bxe5 35. b5 Bd7 36. Kf2 Bb8 37. Bd3 Qe5 38. Rh1 Rf8 39. Ke2 Rf6 40. Kd2 Bc8 41. Raa1 Rg7 42. Rh2 Bb7 43. Qd1 Rfg6 44. Qe2 Kf8 45. Kc2 Ke8 46. Bc1 Kd7 47. Bd2 Bd6 48. Kb3 Kc7 49. Kc2 Rf6 50. Rah1 Rf8 51. Ra1 Rfg8 52. Kb2 Kb8 53. Rf1 Rf7 54. Ra1 Bc8 55. Qd1 Bb7 56. Qe2 Rfg7 57. Rf1 Bc8 58. Rhh1 Rf8 59. Ra1 Qe8 60. Ra2 Be5 61. Kc2 Rfg8 62. Rh2 Rg6 63. Rh1 R8g7 64. Rha1 Bb7 65. Rh1 Qg8 66. Rh2 Bc8 67. Ra1 Rd6 68. Ra3 Rh7 69. Rh1 Rg6 70. Rf1 Rf7 71. Rh1 Qd8 72. Rha1 Bb7 73. Rh1 Rfg7 74. Raa1 Qd6 75. Rh2 Bc8 76. Rhh1 Rh6 77. Rh2 Rh8 78. Rhh1 Rd8 79. Rh2 Be6 80. Ra4 Rdd7 81. Rh1 Ra7 82. Rha1 Rxa4 83. Rxa4 g4 84. hxg4 hxg4 85. Qf1 Bc8 86. Ra1 Rh7 87. Re1 Rh2 88. Re2 Qg6 89. fxg4 Qxg4 90. Rf2 Qg3 91. Qe2 Bg4 92. Qf1 f3 0-1

[Event "CAN-op (Pinnacle 48th CAN Op Ch)"]
[Site "Toronto CAN"]
[Date "2011.07.10"]
[Round "2"]
[White "Ugodnikov, Arkadiy"]
[Black "Kong, Dezheng"]
[Result "1/2-1/2"]
[WhiteElo "1818"]
[BlackElo "2120"]
[PlyCount "83"]
[GameId "2160767909707059"]
[EventDate "2011.07.09"]
[EventType "swiss"]
[EventRounds "9"]
[EventCountry "CAN"]
[SourceTitle "hb 2011"]

1. e4 d5 2. exd5 Nf6 3. Bb5+ Bd7 4. Be2 Nxd5 5. d4 g6 6. Nf3 Bg7 7. O-O O-O 8. c4 Nf6 9. Nc3 c6 10. Be3 Bf5 11. Nh4 Be6 12. Qd2 Ng4 13. Bxg4 Bxg4 14. h3 Be6 15. b3 Qd7 16. Kh2 Na6 17. Rad1 Rad8 18. Nf3 f5 19. Bh6 Bf7 20. Bxg7 Kxg7 21. Ne5 Qd6 22. Qf4 Nb8 23. Rfe1 Nd7 24. c5 Qf6 25. Nf3 e6 26. Re3 b6 27. cxb6 axb6 28. Rde1 c5 29. dxc5 Nxc5 30. Ne5 Bg8 31. b4 Nd7 32. Nc6 Rc8 33. b5 e5 34. Qb4 e4 35. Rd1 Nc5 36. Qd4 Nd3 37. Qxf6+ Rxf6 38. f3 Nc5 39. fxe4 fxe4 40. Nxe4 Nxe4 41. Rxe4 Bxa2 42. Rd7+ 1/2-1/2

[Event "CAN-op (Pinnacle 48th CAN Op Ch)"]
[Site "Toronto CAN"]
[Date "2011.07.10"]
[Round "2"]
[White "Wang, Jesse BJ"]
[Black "Henry, Liam"]
[Result "1/2-1/2"]
[WhiteElo "1998"]
[BlackElo "2290"]
[PlyCount "33"]
[GameId "2160767909707060"]
[EventDate "2011.07.09"]
[EventType "swiss"]
[EventRounds "9"]
[EventCountry "CAN"]

1. e4 c5 2. Nc3 d6 3. f4 g6 4. Nf3 Bg7 5. Bc4 Nc6 6. O-O e6 7. d3 Nge7 8. Qe1 O-O 9. f5 gxf5 10. Bg5 f6 11. Bh4 Na5 12. Rd1 fxe4 13. Nxe4 d5 14. Nxc5 dxc4 15. dxc4 Qc7 16. Nxe6 Qb6+ 17. Nfd4 1/2-1/2

[Event "CAN-op (Pinnacle 48th CAN Op Ch)"]
[Site "Toronto CAN"]
[Date "2011.07.10"]
[Round "2"]
[White "Wiebe, Daniel"]
[Black "Gusev, Nikita"]
[Result "1/2-1/2"]
[WhiteElo "1938"]
[BlackElo "2223"]
[PlyCount "50"]
[GameId "2160767909707062"]
[EventDate "2011.07.09"]
[EventType "swiss"]
[EventRounds "9"]
[EventCountry "CAN"]
[SourceTitle "hb 2011"]

1. e4 c5 2. Nf3 e6 3. d4 cxd4 4. Nxd4 a6 5. Nc3 Qc7 6. Bd3 Nf6 7. O-O Bc5 8. Nb3 Be7 9. f4 d6 10. Qf3 Nbd7 11. Bd2 b5 12. Rae1 Bb7 13. Qg3 g6 14. e5 Nh5 15. Qe3 d5 16. f5 exf5 17. e6 fxe6 18. Qxe6 Qb6+ 19. Qxb6 Nxb6 20. Bg5 Nc8 21. Rxe7+ Nxe7 22. Re1 O-O-O 23. Rxe7 Rde8 24. Rf7 h6 25. Bh4 Rhf8 1/2-1/2

[Event "CAN-op (Pinnacle 48th CAN Op Ch)"]
[Site "Toronto CAN"]
[Date "2011.07.10"]
[Round "2"]
[White "Willis, Bradley"]
[Black "Milicevic, Goran"]
[Result "0-1"]
[WhiteElo "2094"]
[BlackElo "2400"]
[PlyCount "108"]
[GameId "2160767909707063"]
[EventDate "2011.07.09"]
[EventType "swiss"]
[EventRounds "9"]
[EventCountry "CAN"]
[SourceTitle "hb 2011"]

1. e4 c5 2. Nc3 Nc6 3. Bb5 g6 4. Bxc6 bxc6 5. f4 Bg7 6. Nf3 d6 7. d3 Rb8 8. O-O Nf6 9. Qe1 O-O 10. Qh4 c4 11. d4 d5 12. e5 Ng4 13. f5 h5 14. Bg5 Bxf5 15. Bxe7 Qd7 16. h3 Ne3 17. g4 Bxc2 18. Rf2 Bd3 19. Rc1 Rfe8 20. Bf6 Rb7 21. Ng5 Bxf6 22. Rxf6 Nxg4 23. hxg4 Qxg4+ 24. Qxg4 hxg4 25. e6 fxe6 26. Rxe6 Rxe6 27. Nxe6 Rxb2 28. Nf4 Bf5 29. Nfe2 Kg7 30. Kf2 Bd3 31. Ke3 Bxe2 32. Nxe2 Rxa2 33. Rg1 Ra3+ 34. Kd2 Ra2+ 35. Ke3 a5 36. Rxg4 Ra3+ 37. Kd2 Kf6 38. Rf4+ Ke6 39. Rf8 g5 40. Rc8 g4 41. Rxc6+ Kf5 42. Rd6 Rd3+ 43. Kc2 Ke4 44. Nc3+ Kxd4 45. Rxd5+ Ke3 46. Nd1+ Kf4 47. Rxa5 g3 48. Ra8 g2 49. Rg8 Rg3 50. Rf8+ Ke5 51. Re8+ Kd4 52. Ne3 Rxe3 53. Rg8 Re2+ 54. Kd1 Ra2 0-1

[Event "CAN-op (Pinnacle 48th CAN Op Ch)"]
[Site "Toronto CAN"]
[Date "2011.07.10"]
[Round "2"]
[White "Wu, Kevin"]
[Black "Zotkin, Daniel"]
[Result "1-0"]
[WhiteElo "2105"]
[BlackElo "1598"]
[PlyCount "51"]
[GameId "2160767909707064"]
[EventDate "2011.07.09"]
[EventType "swiss"]
[EventRounds "9"]
[EventCountry "CAN"]
[SourceTitle "hb 2011"]

1. e4 c5 2. Nf3 Nc6 3. d4 cxd4 4. Nxd4 g6 5. c4 Bg7 6. Nc2 Nf6 7. Nc3 O-O 8. Be2 b6 9. O-O Bb7 10. f4 d6 11. Be3 Rc8 12. Bd3 Qd7 13. h3 h5 14. Qe1 Na5 15. Na3 Qe6 16. Bd4 Ba6 17. b3 Nc6 18. Nc2 Bb7 19. Rd1 Rfd8 20. f5 Qd7 21. fxg6 fxg6 22. Qg3 e5 23. Nd5 Nxd5 24. exd5 Nxd4 25. Nxd4 exd4 26. Qxg6 1-0

[Event "CAN-op (Pinnacle 48th CAN Op Ch)"]
[Site "Toronto CAN"]
[Date "2011.07.10"]
[Round "2"]
[White "Yee, Lorne"]
[Black "Roller, Robert"]
[Result "1-0"]
[WhiteElo "2260"]
[BlackElo "1993"]
[PlyCount "193"]
[GameId "2160767909707065"]
[EventDate "2011.07.09"]
[EventType "swiss"]
[EventRounds "9"]
[EventCountry "CAN"]
[SourceTitle "hb 2011"]

1. d4 e6 2. Nf3 Nf6 3. Bg5 h6 4. Bh4 d6 5. e3 g5 6. Bg3 Nh5 7. c4 Bg7 8. Nc3 Nd7 9. Be2 a6 10. Qc2 Qe7 11. Nd2 Ndf6 12. Rb1 O-O 13. b4 Nxg3 14. hxg3 c6 15. O-O Nh7 16. c5 d5 17. Bd3 f5 18. f4 Nf6 19. Nf3 Ng4 20. Qe2 Bd7 21. Nh2 Nf6 22. Qe1 g4 23. Kf2 Kf7 24. Ke2 Rh8 25. Rh1 h5 26. Nf1 Ne4 27. Bxe4 fxe4 28. Nd2 Bf6 29. Nb3 Rag8 30. Na5 Bc8 31. a4 Qd8 32. Nb3 h4 33. gxh4 Bxh4 34. g3 Bf6 35. Qf2 Rh3 36. Rxh3 gxh3 37. Rh1 Rh8 38. Qf1 Qg8 39. Qf2 Qg4+ 40. Kd2 Rg8 41. Ne2 Qf3 42. Qf1 Be7 43. Qxh3 e5 44. Qh5+ Qxh5 45. Rxh5 exf4 46. exf4 Bg4 47. Rh7+ Ke6 48. Nbc1 Ra8 49. a5 Rg8 50. Ke3 Bf5 51. Rh6+ Bf6 52. Rh1 Kf7 53. Rh5 Ke6 54. Kf2 Bg6 55. Rh2 Bf5 56. Rh1 Kf7 57. Rh6 Kg7 58. Rh1 Kf7 59. Na2 Kg6 60. Nac3 Re8 61. Rh2 Bg4 62. Ke3 Re7 63. Nc1 Re8 64. Nb3 Re7 65. Nb1 Bd1 66. Nc1 Bg4 67. Na3 Re8 68. Nc2 Re7 69. Nb3 Bd1 70. Kd2 Bf3 71. Ne3 Re8 72. Ke1 Re7 73. Kf2 Rh7 74. Rxh7 Kxh7 75. Ke1 Kg7 76. Nd2 Kg6 77. Nb3 Bg7 78. Kf1 Kf7 79. Kf2 Ke6 80. g4 Bf6 81. Kg3 Be2 82. g5 Be7 83. f5+ Kf7 84. Kf4 Bd8 85. Ng4 Bxg4 86. Kxg4 e3 87. Nc1 Kg7 88. Ne2 Bc7 89. Kf3 Bd8 90. Kf4 Kf7 91. Kg4 Kg7 92. f6+ Kf7 93. Kf5 Kg8 94. g6 Kf8 95. Ke6 Kg8 96. g7 Kh7 97. Kf7 1-0

[Event "CAN-op (Pinnacle 48th CAN Op Ch)"]
[Site "Toronto CAN"]
[Date "2011.08.10"]
[Round "2"]
[White "Yoos, John"]
[Black "Olheiser, Gordon"]
[Result "1-0"]
[WhiteElo "2439"]
[BlackElo "2049"]
[PlyCount "59"]
[GameId "2160767909707068"]
[EventDate "2011.07.09"]
[EventType "swiss"]
[EventRounds "9"]
[EventCountry "CAN"]
[SourceTitle "EXT 2022"]
[Source "ChessBase"]
[SourceDate "2021.10.06"]
[SourceVersion "1"]
[SourceVersionDate "2021.10.06"]
[SourceQuality "1"]

1. e4 e6 2. d4 d5 3. e5 c5 4. c3 Nc6 5. Nf3 Bd7 6. a3 f6 7. Bd3 Qc7 8. O-O O-O-O 9. Re1 c4 10. Bf1 h6 11. Nbd2 fxe5 12. Nxe5 Nxe5 13. dxe5 g5 14. Nf3 Bg7 15. Be3 Ne7 16. b3 Ng6 17. bxc4 g4 18. Nd2 Bxe5 19. Qb1 Rdg8 20. cxd5 exd5 21. g3 h5 22. Bd3 h4 23. Nf1 hxg3 24. fxg3 Ne7 25. Bxa7 Nc6 26. Bb6 Qd6 27. Qb3 d4 28. c4 Rh3 29. c5 Qh6 30. Qxg8+ 1-0

[Event "CAN-op (Pinnacle 48th CAN Op Ch)"]
[Site "Toronto CAN"]
[Date "2011.07.11"]
[Round "3"]
[White "Acosta, Mariano"]
[Black "Macak, Stefan"]
[Result "1-0"]
[WhiteElo "2118"]
[BlackElo "2391"]
[PlyCount "57"]
[GameId "2160767909707069"]
[EventDate "2011.07.09"]
[EventType "swiss"]
[EventRounds "9"]
[EventCountry "CAN"]
[SourceTitle "EXT 2022"]
[Source "ChessBase"]
[SourceDate "2021.10.06"]
[SourceVersion "1"]
[SourceVersionDate "2021.10.06"]
[SourceQuality "1"]

1. d4 Nf6 2. Nf3 g6 3. Nc3 d5 4. Bf4 Bg7 5. e3 O-O 6. Be2 b6 7. Ne5 Bb7 8. h4 h6 9. h5 g5 10. Bxg5 hxg5 11. h6 Bh8 12. h7+ Kg7 13. f4 e6 14. Bd3 gxf4 15. Qf3 Re8 16. Qxf4 Kf8 17. g4 Nbd7 18. O-O-O Nxe5 19. dxe5 Nd7 20. Rh5 Re7 21. Rf1 Ke8 22. Rg5 Nxe5 23. Rxe5 Bxe5 24. Qxe5 Kd7 25. Bb5+ Bc6 26. Nxd5 Bxb5 27. Rd1 Kc6 28. Nxe7+ Qxe7 29. Qe4+ 1-0

[Event "CAN-op (Pinnacle 48th CAN Op Ch)"]
[Site "Toronto CAN"]
[Date "2011.07.11"]
[Round "3"]
[White "Ang, Alan"]
[Black "Finlay, Ian"]
[Result "1-0"]
[WhiteElo "2029"]
[BlackElo "1984"]
[PlyCount "61"]
[GameId "2160767909707070"]
[EventDate "2011.07.09"]
[EventType "swiss"]
[EventRounds "9"]
[EventCountry "CAN"]
[SourceTitle "hb 2011"]

1. e4 e5 2. Nf3 Nc6 3. Bb5 a6 4. Ba4 Nf6 5. O-O Nxe4 6. Qe2 b5 7. Nxe5 Qf6 8. Nxc6 Qxc6 9. Bb3 Be7 10. Re1 Bb7 11. d3 d5 12. dxe4 dxe4 13. Be3 O-O-O 14. a4 b4 15. Nd2 f5 16. Nc4 Qf6 17. Na5 f4 18. Qg4+ Kb8 19. Qxf4 Qg6 20. Bf7 Qf6 21. Qxf6 Bxf6 22. Nxb7 Kxb7 23. Rad1 Bxb2 24. Bd5+ Kc8 25. Bxe4 Rde8 26. Bf5+ Kb7 27. Rd7 Be5 28. g3 g6 29. Bg4 Ref8 30. Bc5 Re8 31. Bxb4 1-0

[Event "CAN-op (Pinnacle 48th CAN Op Ch)"]
[Site "Toronto CAN"]
[Date "2011.07.11"]
[Round "3"]
[White "Caire, Francois"]
[Black "Bojkov, Dejan"]
[Result "1/2-1/2"]
[WhiteElo "2104"]
[BlackElo "2544"]
[PlyCount "99"]
[GameId "2160767909707075"]
[EventDate "2011.07.09"]
[EventType "swiss"]
[EventRounds "9"]
[EventCountry "CAN"]
[SourceTitle "EXT 2022"]
[Source "ChessBase"]
[SourceDate "2021.10.06"]
[SourceVersion "1"]
[SourceVersionDate "2021.10.06"]
[SourceQuality "1"]

1. d4 Nf6 2. c4 g6 3. g3 Bg7 4. Bg2 O-O 5. Nc3 d6 6. Nf3 Nbd7 7. O-O e5 8. e4 a6 9. h3 Rb8 10. Qc2 exd4 11. Nxd4 Ne5 12. b3 c5 13. Nde2 b5 14. f4 Nc6 15. cxb5 axb5 16. Bb2 Qe7 17. Kh2 Bb7 18. Rad1 Rfe8 19. Nxb5 Nb4 20. Qb1 Bxe4 21. Bxe4 Qxe4 22. Qxe4 Nxe4 23. Bxg7 Rxb5 24. a4 Rbb8 25. Bb2 Nc2 26. Rf3 Ng5 27. fxg5 Rxe2+ 28. Kg1 c4 29. Rxd6 Ne1 30. Rf1 cxb3 31. a5 Nd3 32. Rxd3 Rxb2 33. Rd7 Rc8 34. a6 Ra2 35. a7 b2 36. Rb7 Rc1 37. Rxb2 Rxf1+ 38. Kxf1 Rxa7 39. Kg2 Kg7 40. Re2 h6 41. gxh6+ Kxh6 42. Kf3 Kg5 43. Re5+ f5 44. Re3 Ra1 45. Rb3 Kh5 46. h4 Ra2 47. Rc3 Ra4 48. Rb3 Kh6 49. Re3 Kg7 50. Rb3 1/2-1/2

[Event "CAN-op (Pinnacle 48th CAN Op Ch)"]
[Site "Toronto CAN"]
[Date "2011.07.11"]
[Round "3"]
[White "Cao, Jason"]
[Black "Barrios, Felix"]
[Result "1/2-1/2"]
[WhiteElo "1908"]
[BlackElo "2172"]
[PlyCount "84"]
[GameId "2160767909707077"]
[EventDate "2011.07.09"]
[EventType "swiss"]
[EventRounds "9"]
[EventCountry "CAN"]
[SourceTitle "hb 2011"]

1. e4 c5 2. Nf3 d6 3. d4 cxd4 4. Nxd4 Nf6 5. Nc3 a6 6. Be3 g6 7. f3 b5 8. Qd2 Bb7 9. O-O-O h5 10. h4 Nbd7 11. Nd5 Rc8 12. Nxf6+ Nxf6 13. Bd3 Qc7 14. Kb1 Bg7 15. a3 d5 16. e5 Nd7 17. e6 Nc5 18. exf7+ Kxf7 19. f4 e6 20. Nf3 d4 21. Bxd4 Bxf3 22. Bxg7 Nxd3 23. Bxh8 Bxd1 24. Rxd1 Rxh8 25. Qxd3 Rc8 26. g4 hxg4 27. Rg1 Rd8 28. Qe2 Qc5 29. Qxg4 Qf5 30. Qf3 Rd4 31. Rf1 Qd5 32. Qg4 a5 33. Qg1 a4 34. Qg4 Rd2 35. Qg5 Qf5 36. Qxf5+ gxf5 37. b3 axb3 38. cxb3 Rh2 39. a4 bxa4 40. bxa4 Rxh4 41. Kb2 e5 42. fxe5 Rxa4 1/2-1/2

[Event "CAN-op (Pinnacle 48th CAN Op Ch)"]
[Site "Toronto CAN"]
[Date "2011.07.11"]
[Round "3"]
[White "Castaneda, Nelson"]
[Black "Reshef, Omer"]
[Result "0-1"]
[WhiteElo "2229"]
[BlackElo "2145"]
[PlyCount "87"]
[GameId "2160767909707078"]
[EventDate "2011.07.09"]
[EventType "swiss"]
[EventRounds "9"]
[EventCountry "CAN"]
[SourceTitle "CBM 143 Extra"]
[Source "ChessBase"]
[SourceDate "2011.08.29"]
[SourceVersion "1"]
[SourceVersionDate "2011.08.29"]
[SourceQuality "1"]

1. e4 e5 2. Nf3 Nc6 3. Bb5 a6 4. Ba4 Nf6 5. O-O Nxe4 6. d4 b5 7. Bb3 d5 8. dxe5 Be6 9. Nbd2 Nc5 10. c3 Be7 11. Bc2 Bg4 12. Re1 O-O 13. Nb3 Ne6 14. Qd3 g6 15. Bh6 Re8 16. Rad1 Bg5 17. Nxg5 Nxg5 18. f3 Bf5 19. Qd2 Ne6 20. Bxf5 gxf5 21. Qxd5 Qxd5 22. Rxd5 Rad8 23. Rxd8 Rxd8 24. Kf2 a5 25. g4 fxg4 26. f4 a4 27. Nd4 Ncxd4 28. cxd4 Rxd4 29. Ke3 c5 30. Rg1 f5 31. exf6 Kf7 32. Rxg4 Kxf6 33. Rg8 Rb4 34. Rg2 Kf5 35. h4 Re4+ 36. Kd2 b4 37. b3 Rd4+ 38. Ke3 a3 39. h5 Rd1 40. Bg7 Nxf4 41. Rc2 Rd3+ 42. Kf2 Ne6 43. h6 Kg6 44. Ke1 0-1